000 00566nam a2200193Ia 4500
005 20250508164927.0
008 008 250505s9999 xx 000 0 eng d
037 _aDissertations
040 _aFEDL
_beng
_cFEDL
041 _aeng
_2eng
084 _a540.7, MIS/DI
_qFEDL
100 _aMishra Anand Mohan
_9775489
245 0 _aAims and objectives of teaching chemistry - A critical appraisal
260 _c1995
300 _a63p.
546 _aM.Ed Dissertation (Delhi University)
942 _cDIS
_h540.7, MIS/DI
999 _c1392071
_d1392071